Statistics for Emmy Awards: Outstanding Drama

Click here to take the quiz!

General Stats

  • This quiz has been taken 1,106 times
    (300 since last reset)
  • The average score is 6 of 15

Answer Stats

Answer% Correct
Game of Thrones
86%
Breaking Bad
85%
The Sopranos
74%
Mad Men
57%
Succession
47%
ER
45%
Lost
41%
The West Wing
41%
Law & Order
32%
24
28%
NYPD Blue
28%
The Handmaid's Tale
23%
Homeland
20%
The Practice
17%
Picket Fences
13%

Score Distribution

Percentile by Number Answered

Percent of People with Each Score

Your Score History

You have not taken this quiz since the last reset